000 00751nam a2200253Ia 4500
003 OSt
005 20221005052523.0
006 a|||||r|||| 00| 0
007 ta
008 221004b |||||||| |||| 00| 0 eng d
020 _a1857151836
024 _a26801
037 _cTextual
040 _aCRL
_cCRL
_beng
041 _2eng
_aeng
082 _aO121,1G65,1, 111N5
100 _aAlighieri Dante
245 0 _aDivine comedy Translated by Allen Mandelbaum with an Introduction by Eugenio Montale and Notes Peter Armour
260 _aLondon
_bDavid campbell UK
_c1995
300 _a798p.
_ccm.
650 _aENGLISH LITERATURE
942 _hO121,1G65,1, 111N5
_cTEXL
_2cc
999 _c960545
_d960545